[Event "IV Torneo Internacional Ciudad de La La"]
[Site "San Cristobal de La Laguna"]
[Date "2010.04.05"]
[Round "1.1"]
[White "Bruzon Batista, L."]
[Black "Darias Darias, L."]
[Result "1-0"]
[WhiteElo "2641"]
[BlackElo "1931"]
[PlyCount "47"]
[EventDate "2010.??.??"]

1. e4 a6 2. d4 e6 3. Nf3 b5 4. Bd3 Bb7 5. O-O Be7 6. Re1 d6 7. c3 Nd7 8. a4 c6
9. Nbd2 e5 10. b3 g5 11. Nf1 h6 12. Ne3 b4 13. Bb2 bxc3 14. Bxc3 f6 15. Nf5 Kf8
16. Bc4 h5 17. dxe5 dxe5 18. Ra2 Qc7 19. Rd2 Rd8 20. Re3 Nc5 21. Nxe7 Rxd2 22.
Qxd2 Nxe7 23. Nxe5 Kg7 24. Nf7 1-0

[Event "IV Torneo Internacional Ciudad de La La"]
[Site "San Cristobal de La Laguna"]
[Date "2010.04.05"]
[Round "1.2"]
[White "Cruz Mesa, I."]
[Black "Miton, K."]
[Result "0-1"]
[WhiteElo "1931"]
[BlackElo "2581"]
[PlyCount "108"]
[EventDate "2010.??.??"]

1. d4 Nf6 2. c4 g6 3. Nc3 Bg7 4. e4 O-O 5. f4 d6 6. Nf3 c5 7. d5 e6 8. Be2 exd5
9. cxd5 Bg4 10. O-O Bxf3 11. Bxf3 Nbd7 12. Re1 Ne8 13. Be3 Nc7 14. a4 Rb8 15.
Qd2 Re8 16. Bf2 a6 17. a5 b5 18. axb6 Rxb6 19. Ra2 Qb8 20. Bg4 Nf6 21. Bf3 Bh6
22. Bg3 Rb4 23. Qc2 Nd7 24. Nd1 Bg7 25. Nc3 Nb5 26. Nxb5 Qxb5 27. Re2 c4 28.
Be1 Rb3 29. Bc3 Qb6+ 30. Kf1 Bxc3 31. bxc3 Rb1+ 32. Re1 Rxe1+ 33. Kxe1 Qe3+ 34.
Kf1 Qxf4 35. Rxa6 Nc5 36. Ra1 Qxh2 37. Rd1 Nd3 38. Qa4 Qe5 39. Rb1 Rc8 40. Qa6
Rc7 41. Qa8+ Kg7 42. Rb8 Qxc3 43. Rg8+ Kh6 44. Kg1 Qe1+ 45. Kh2 Qh4+ 46. Kg1
Qe7 47. Re8 Ra7 48. Rxe7 Rxa8 49. Rxf7 c3 50. Bd1 Ra1 51. Rf1 Rxd1 52. Rxd1 c2
53. Rc1 Nxc1 54. e5 Nd3 0-1

[Event "IV Torneo Internacional Ciudad de La La"]
[Site "San Cristobal de La Laguna"]
[Date "2010.04.05"]
[Round "1.3"]
[White "Gleizerov, E."]
[Black "Martín Hernandez, J."]
[Result "1-0"]
[WhiteElo "2565"]
[BlackElo "1924"]
[PlyCount "57"]
[EventDate "2010.??.??"]

1. d4 g6 2. c4 Bg7 3. e4 c5 4. Nf3 cxd4 5. Nxd4 Nc6 6. Be3 Nf6 7. Nc3 Ng4 8.
Qxg4 Nxd4 9. Qd1 e5 10. Bd3 O-O 11. O-O d6 12. Ne2 f5 13. Bxd4 exd4 14. exf5
Bxf5 15. Bxf5 Rxf5 16. Nxd4 Rh5 17. Nf3 Bxb2 18. Rb1 Qf6 19. c5 Be5 20. Qd5+
Kh8 21. Nxe5 Qxe5 22. Qxd6 Qxc5 23. Qf6+ Kg8 24. Rxb7 Qe5 25. Qf7+ Kh8 26. f4
Qd4+ 27. Kh1 a5 28. Re1 Rg8 29. Qxg8+ 1-0

[Event "IV Torneo Internacional Ciudad de La Lag"]
[Site "Casino de La Laguna. C/ Nava y"]
[Date "2010.04.05"]
[Round "1"]
[White "Heimbaecher, Peter Dr"]
[Black "Korneev, Oleg"]
[Result "0-1"]
[WhiteElo "1917"]
[BlackElo "2558"]
[PlyCount "68"]
[EventDate "2010.04.05"]

1. e4 c5 2. Nf3 e6 3. d4 cxd4 4. Nxd4 a6 5. Nc3 Qc7 6. Bd2 Nf6 7. Bd3 b5 8. Qe2
d6 9. f3 Be7 10. g4 Bb7 11. g5 Nfd7 12. Nb3 Nc6 13. a3 Nce5 14. f4 Nxd3+ 15.
cxd3 Nc5 16. Nxc5 dxc5 17. Rc1 Rd8 18. Rf1 O-O 19. f5 exf5 20. Rxf5 g6 21. Bf4
Qd7 22. Rd5 Bxd5 23. Nxd5 Qe6 24. Nc7 Qh3 25. Nxa6 Rxd3 26. Nxc5 Bxc5 27. Rxc5
Rfd8 28. Bg3 Qe6 29. Re5 Qb3 30. Bf4 Rd1+ 31. Kf2 b4 32. Rb5 Qh3 33. Rxb4 Qh4+
34. Bg3 Qxg5 0-1

[Event "IV Torneo Internacional Ciudad de La Lag"]
[Site "Casino de La Laguna. C/ Nava y"]
[Date "2010.04.05"]
[Round "1"]
[White "Rivas Pastor, Manuel"]
[Black "Pueyo Marina, Gerardo"]
[Result "1-0"]
[WhiteElo "2544"]
[BlackElo "1905"]
[PlyCount "99"]
[EventDate "2010.04.05"]

1. f4 e5 2. fxe5 Nc6 3. Nf3 d6 4. e4 Bg4 5. Bb5 dxe5 6. Bxc6+ bxc6 7. d3 Bc5 8.
h3 Be6 9. Qe2 f6 10. Be3 Qd6 11. Nbd2 a5 12. a4 Ne7 13. b3 Bxe3 14. Qxe3 O-O
15. O-O Ng6 16. Kh2 Qd7 17. Rf2 h5 18. Ng1 Qd4 19. Re1 Rad8 20. Ndf3 Qxe3 21.
Rxe3 c5 22. Ne2 h4 23. Nc3 c6 24. Kg1 Kf7 25. Ng5+ Ke7 26. Nxe6 Kxe6 27. Ne2
Rh8 28. Ref3 Ne7 29. Kf1 Rdf8 30. Ke1 Rh5 31. Nc3 Nc8 32. Nd1 Nd6 33. Ne3 g6
34. Kf1 f5 35. Re2 f4 36. Ng4 Nf7 37. Ke1 Ng5 38. Rf1 Rf7 39. Ref2 Rh8 40. Nh2
Rd8 41. Rg1 Rfd7 42. Nf3 Nf7 43. Nxh4 c4 44. bxc4 g5 45. Nf3 Rb7 46. Kd2 Rb4
47. Kc3 c5 48. Nd2 Rxa4 49. Nb3 Rc8 50. Rc1 1-0

[Event "IV Torneo Internacional Ciudad de La Lag"]
[Site "Casino de La Laguna. C/ Nava y"]
[Date "2010.04.05"]
[Round "1"]
[White "Nortes Hernandez, Pedro"]
[Black "Strikovic, Aleksa"]
[Result "0-1"]
[WhiteElo "1896"]
[BlackElo "2544"]
[PlyCount "40"]
[EventDate "2010.04.05"]

1. e4 c5 2. Nf3 e6 3. d4 cxd4 4. Nxd4 a6 5. Nc3 b5 6. Be3 Bb7 7. Bd3 Qc7 8. O-O
Nf6 9. f3 Nc6 10. Nxc6 Bxc6 11. a3 h5 12. Qd2 Bd6 13. f4 Ng4 14. e5 Be7 15. Bd4
d6 16. Rae1 dxe5 17. fxe5 O-O-O 18. Qf4 g5 19. Qxf7 Rxd4 20. Qg7 Rdd8 0-1

[Event "IV Torneo Internacional Ciudad de La Lag"]
[Site "Casino de La Laguna. C/ Nava y"]
[Date "2010.04.05"]
[Round "1"]
[White "Hernandez Carmenates, Holden"]
[Black "Bernad Millan, Ignacio"]
[Result "1-0"]
[WhiteElo "2541"]
[BlackElo "1891"]
[PlyCount "61"]
[EventDate "2010.04.05"]

1. d4 Nf6 2. c4 e6 3. g3 d5 4. Nf3 Be7 5. Bg2 O-O 6. O-O dxc4 7. Qc2 a6 8. Qxc4
b5 9. Qc2 Bb7 10. Bf4 Bd6 11. Bg5 Be4 12. Bxf6 Bxc2 13. Bxd8 Rxd8 14. Ne1 Bxb1
15. Bxa8 Bg6 16. Ng2 Nd7 17. Bc6 Nf6 18. Rfd1 h6 19. Rac1 Nd5 20. Bxd5 exd5 21.
Nf4 Bxf4 22. gxf4 Re8 23. e3 Re6 24. Rxc7 Be4 25. f3 Bxf3 26. Rdc1 Rg6+ 27. Kf2
Be4 28. Rg1 Rf6 29. b4 Kh7 30. h4 Bg6 31. Rgc1 1-0

[Event "IV Torneo Internacional Ciudad de La Lag"]
[Site "Casino de La Laguna. C/ Nava y"]
[Date "2010.04.05"]
[Round "1"]
[White "Pimienta Sanchez, Manuel"]
[Black "Kurajica, Bojan"]
[Result "0-1"]
[WhiteElo "1891"]
[BlackElo "2525"]
[PlyCount "49"]
[EventDate "2010.04.05"]

1. d4 Nf6 2. e3 c5 3. c3 g6 4. f4 Bg7 5. Bd3 d6 6. Nf3 O-O 7. Nbd2 Nc6 8. Qe2
e5 9. fxe5 dxe5 10. dxc5 Qe7 11. e4 Nh5 12. Nb3 f5 13. Bg5 Bf6 14. Bxf6 Rxf6
15. O-O-O Nf4 16. Bc4+ Kg7 17. Qd2 fxe4 18. Ng5 Bf5 19. g3 Nd3+ 20. Bxd3 exd3
21. g4 Bxg4 22. Ne4 Bxd1 23. Rxd1 Rf3 24. Qg2 Raf8 25. Nbd2 0-1

[Event "IV Torneo Internacional Ciudad de La Lag"]
[Site "Casino de La Laguna. C/ Nava y"]
[Date "2010.04.05"]
[Round "1"]
[White "Ulibin, Mikhail"]
[Black "Cruz Veloz, Merquis Jesus"]
[Result "1-0"]
[WhiteElo "2516"]
[BlackElo "1888"]
[PlyCount "75"]
[EventDate "2010.04.05"]

1. c4 e5 2. Nc3 Nf6 3. g3 g6 4. Bg2 Bg7 5. e4 O-O 6. Nge2 Nc6 7. O-O d6 8. d3
Rb8 9. h3 a6 10. Be3 Ne8 11. d4 exd4 12. Nxd4 Ne5 13. b3 c5 14. Nde2 b5 15. f4
Nd7 16. Rc1 Qa5 17. Qd3 bxc4 18. bxc4 Nb6 19. f5 Nd7 20. Nd5 Ne5 21. Qd1 Qd8
22. f6 Nxf6 23. Bg5 Ned7 24. e5 dxe5 25. Nec3 Rb6 26. Ne4 h6 27. Ndxf6+ Nxf6
28. Qxd8 Rxd8 29. Nxf6+ Kh8 30. Nd5 Rxd5 31. cxd5 hxg5 32. Rxf7 e4 33. Bxe4
Bxh3 34. Rb1 Bb2 35. Kh2 g4 36. d6 Kg8 37. Rf2 Rxd6 38. Rbxb2 1-0

[Event "IV Torneo Internacional Ciudad de La Lag"]
[Site "Casino de La Laguna. C/ Nava y"]
[Date "2010.04.05"]
[Round "1"]
[White "Guardia Bencomo, Tomas"]
[Black "Gonzalez Vidal, Yuri"]
[Result "0-1"]
[WhiteElo "1885"]
[BlackElo "2512"]
[PlyCount "62"]
[EventDate "2010.04.05"]

1. c4 c5 2. Nc3 Nc6 3. g3 g6 4. Bg2 Bg7 5. Nf3 e5 6. O-O d6 7. d3 Nge7 8. Nd5
Nxd5 9. cxd5 Ne7 10. e4 O-O 11. Rb1 a5 12. a3 Bd7 13. b4 cxb4 14. axb4 a4 15.
Ne1 Nc8 16. Nc2 Na7 17. Na3 Nb5 18. Nxb5 Bxb5 19. Re1 f5 20. Re2 Qb6 21. Ra2
Rac8 22. Be3 Qa6 23. d4 f4 24. gxf4 exf4 25. Bc1 Qb6 26. Bb2 Rc4 27. e5 f3 28.
Bh3 Qd8 29. Qe1 Qh4 30. Bf1 Rc2 31. Ra3 Re2 0-1

[Event "IV Torneo Internacional Ciudad de La Lag"]
[Site "Casino de La Laguna. C/ Nava y"]
[Date "2010.04.05"]
[Round "1"]
[White "Heberla, Bartlomiej"]
[Black "Damaso Tacoronte, Carolina"]
[Result "1-0"]
[WhiteElo "2509"]
[BlackElo "1878"]
[PlyCount "43"]
[EventDate "2010.04.05"]

1. c4 Nf6 2. Nc3 e6 3. e4 Bb4 4. e5 Bxc3 5. dxc3 Ng8 6. Qg4 g6 7. Nf3 d6 8. Bg5
f6 9. exf6 Nxf6 10. Qh4 O-O 11. O-O-O Nbd7 12. Bd3 Qe8 13. Rhe1 Nh5 14. g4 Ng7
15. Re3 Nc5 16. Bf6 Qd7 17. Bc2 b5 18. Bd4 Na6 19. Ng5 Ne8 20. Bxg6 Nf6 21.
Rxe6 hxg6 22. Rxf6 1-0

[Event "IV Torneo Internacional Ciudad de La Lag"]
[Site "Casino de La Laguna. C/ Nava y"]
[Date "2010.04.05"]
[Round "1"]
[White "Martin Ortega, Oscar"]
[Black "Cori, Jorge"]
[Result "0-1"]
[WhiteElo "1860"]
[BlackElo "2500"]
[PlyCount "92"]
[EventDate "2010.04.05"]

1. d4 Nf6 2. Nf3 d5 3. c4 c6 4. Nc3 e6 5. Bg5 Nbd7 6. e3 Be7 7. Qc2 O-O 8. cxd5
cxd5 9. Bd3 h6 10. Bh4 a6 11. O-O b5 12. a3 Bb7 13. Rfc1 Rc8 14. Qe2 Ne8 15.
Bxe7 Qxe7 16. Nd2 Nd6 17. f3 e5 18. b3 Rfe8 19. Nf1 f5 20. Qf2 e4 21. Bb1 Nf6
22. f4 a5 23. Ba2 Kh8 24. Qd2 Ba6 25. Ne2 b4 26. Nfg3 Bxe2 27. Nxe2 Nb5 28. a4
Na3 29. Rxc8 Rxc8 30. Rc1 Qb7 31. h3 Kh7 32. Kf2 g5 33. g3 Kg7 34. Rxc8 Qxc8
35. Qc1 Qa6 36. Bb1 Nxb1 37. Qxb1 Qd3 38. Qc1 Qxb3 39. Qc7+ Kg6 40. fxg5 hxg5
41. Qc6 Qc4 42. Qe6 Qc7 43. h4 b3 44. hxg5 Kxg5 45. Nc3 Qxc3 46. Qf7 Ng4+ 0-1

[Event "IV Torneo Internacional Ciudad de La Lag"]
[Site "Casino de La Laguna. C/ Nava y"]
[Date "2010.04.05"]
[Round "1"]
[White "Mekhitarian, Krikor Sevag"]
[Black "Arana Herrera, Antonio"]
[Result "1-0"]
[WhiteElo "2490"]
[BlackElo "1819"]
[PlyCount "70"]
[EventDate "2010.04.05"]

1. e4 e5 2. Nf3 Nf6 3. Nxe5 d6 4. Nf3 Nxe4 5. d4 d5 6. Bd3 Nc6 7. O-O Be7 8.
Nc3 f5 9. Ne2 Be6 10. c3 O-O 11. Nf4 Bf7 12. Re1 g5 13. Ne2 Bh5 14. Ng3 Nxg3
15. hxg3 Qd6 16. Qc2 Bxf3 17. gxf3 f4 18. Kg2 Qf6 19. g4 h5 20. Bf5 Nd8 21. c4
Bd6 22. cxd5 Kg7 23. Bd2 a5 24. Rh1 h4 25. Rhe1 Rf7 26. Re5 Ra6 27. Rae1 c5 28.
Re6 Nxe6 29. Rxe6 Qd8 30. dxc5 Be7 31. d6 Bf6 32. Bh7 Qh8 33. Qg6+ Kf8 34. Bg8
Qg7 35. Bxf7 Qxg6 1-0

[Event "IV Torneo Internacional Ciudad de La Lag"]
[Site "Casino de La Laguna. C/ Nava y"]
[Date "2010.04.05"]
[Round "1"]
[White "Barlov, Dragan"]
[Black "Perez Celis, Alba"]
[Result "1-0"]
[WhiteElo "2487"]
[BlackElo "1796"]
[PlyCount "51"]
[EventDate "2010.04.05"]

1. d4 Nf6 2. c4 e6 3. Nc3 Bb4 4. Qc2 Bxc3+ 5. Qxc3 b6 6. Bg5 Bb7 7. f3 d5 8.
cxd5 exd5 9. Rc1 Na6 10. e3 O-O 11. Nh3 Re8 12. Be2 h6 13. Bh4 Qe7 14. Bf2 Rac8
15. O-O c5 16. Bb5 Red8 17. Qa3 Nb4 18. dxc5 bxc5 19. Nf4 Nd7 20. Rfe1 Ne5 21.
Bf1 Qg5 22. Bg3 Qe7 23. Kh1 d4 24. exd4 Nxf3 25. gxf3 Bxf3+ 26. Qxf3 1-0

[Event "IV Torneo Internacional Ciudad de La Lag"]
[Site "Casino de La Laguna. C/ Nava y"]
[Date "2010.04.05"]
[Round "1"]
[White "De La Rubia Ramirez, Dulce N"]
[Black "Diamant, Andre"]
[Result "0-1"]
[WhiteElo "1778"]
[BlackElo "2486"]
[PlyCount "52"]
[EventDate "2010.04.05"]

1. e4 c5 2. Nf3 e6 3. c3 Nf6 4. Bb5 Nxe4 5. O-O Nc6 6. Re1 d5 7. d3 Nf6 8. Nbd2
Bd6 9. Nf1 Bd7 10. Ba4 Ne7 11. Bc2 Ng6 12. Ne3 O-O 13. d4 cxd4 14. Nxd4 Rc8 15.
Bd2 Ne4 16. Bxe4 dxe4 17. Nec2 Qc7 18. Qh5 f5 19. Rad1 e5 20. Ne2 f4 21. Nb4
Rf5 22. Qg4 e3 23. Bc1 exf2+ 24. Kxf2 Rff8 25. Nd5 Qc5+ 26. Kf1 f3 0-1

[Event "IV Torneo Internacional Ciudad de La Lag"]
[Site "Casino de La Laguna. C/ Nava y"]
[Date "2010.04.05"]
[Round "1"]
[White "Cori T, Deysi"]
[Black "Gonzalez Perez, Cristina"]
[Result "1-0"]
[WhiteElo "2434"]
[BlackElo "1742"]
[PlyCount "55"]
[EventDate "2010.04.05"]

1. d4 d5 2. Nf3 Nf6 3. c4 c6 4. Nc3 e6 5. Bg5 Nbd7 6. e3 Qa5 7. Bxf6 Nxf6 8.
Qc2 Be7 9. Bd3 O-O 10. O-O dxc4 11. Bxc4 Re8 12. a3 Bf8 13. Rac1 g6 14. e4 Bg7
15. e5 Nd7 16. Ne4 c5 17. Nd6 Re7 18. Bb5 Qc7 19. Qe4 f6 20. Rfd1 Qb6 21. b4
Rb8 22. dxc5 Qc7 23. c6 bxc6 24. Rxc6 Qd8 25. Rdc1 Nb6 26. exf6 Bxf6 27. h4 Bd7
28. R6c2 1-0

[Event "IV Torneo Internacional Ciudad de La Lag"]
[Site "Casino de La Laguna. C/ Nava y"]
[Date "2010.04.05"]
[Round "1"]
[White "Rincon Martin, Santiago"]
[Black "Cabrera Trujillo, Jorge"]
[Result "0-1"]
[WhiteElo "1736"]
[BlackElo "2370"]
[PlyCount "52"]
[EventDate "2010.04.05"]

1. d4 Nf6 2. c4 g6 3. Nc3 Bg7 4. e4 O-O 5. Be2 d6 6. Nf3 e5 7. O-O Nc6 8. Bg5
h6 9. dxe5 hxg5 10. exf6 Bxf6 11. Qd2 g4 12. Ne1 Nd4 13. Nd5 Be5 14. g3 Kg7 15.
Nd3 Rh8 16. f4 gxf3 17. Bxf3 c6 18. N5f4 Qe7 19. Nxe5 dxe5 20. Ne2 Bh3 21. Bg2
Rad8 22. Nxd4 Rxd4 23. Qc3 Qc5 24. Kh1 Bxg2+ 25. Kxg2 Rxc4 26. Qf3 Rc2+ 0-1

[Event "IV Torneo Internacional Ciudad de La Lag"]
[Site "Casino de La Laguna. C/ Nava y"]
[Date "2010.04.05"]
[Round "1"]
[White "Tatai, Stefano"]
[Black "Garcia Cruz, Francisco"]
[Result "1-0"]
[WhiteElo "2356"]
[BlackElo "1726"]
[PlyCount "33"]
[EventDate "2010.04.05"]

1. e4 c5 2. Nf3 Nc6 3. Bb5 a6 4. Bxc6 dxc6 5. d3 Bg4 6. Nbd2 f6 7. h3 Bh5 8.
Nf1 e5 9. Ng3 Bf7 10. b3 Ne7 11. Be3 Ng6 12. Qd2 Be7 13. Nf5 O-O 14. Bh6 Nf4
15. Bxf4 exf4 16. Qxf4 Qd7 17. Qg4 1-0

[Event "IV Torneo Internacional Ciudad de La Lag"]
[Site "Casino de La Laguna. C/ Nava y"]
[Date "2010.04.05"]
[Round "1"]
[White "Gonzalez Moreno, Juan Carlos"]
[Black "Villavicencio Martinez, Adalber"]
[Result "0-1"]
[WhiteElo "1714"]
[BlackElo "2326"]
[PlyCount "44"]
[EventDate "2010.04.05"]

1. e4 c5 2. Bc4 Nc6 3. f4 g6 4. Nf3 Bg7 5. O-O e6 6. c3 d5 7. exd5 exd5 8. Bb5
Nge7 9. d4 cxd4 10. Nxd4 O-O 11. Nxc6 bxc6 12. Bd3 Nf5 13. Na3 Re8 14. Nc2 c5
15. Qf3 Rb8 16. Rb1 c4 17. Bxf5 Bxf5 18. Qf2 Bd3 19. Rd1 Re2 20. Qf3 Rxc2 21.
Rxd3 cxd3 22. Qxd3 Qe7 0-1

[Event "IV Torneo Internacional Ciudad de La Lag"]
[Site "Casino de La Laguna. C/ Nava y"]
[Date "2010.04.05"]
[Round "1"]
[White "Rodriguez Lopez, Rafael"]
[Black "Perez De La Torre, Jorge"]
[Result "1-0"]
[WhiteElo "2301"]
[BlackElo "1688"]
[PlyCount "85"]
[EventDate "2010.04.05"]

1. e4 c5 2. Nf3 g6 3. d4 cxd4 4. Nxd4 Nc6 5. Nc3 Bg7 6. Be3 Nf6 7. Bc4 O-O 8.
Bb3 a5 9. O-O Rb8 10. Ndb5 d6 11. f3 Bd7 12. a4 Nb4 13. Qd2 Qc8 14. Rad1 Be6
15. Nd5 Nfxd5 16. exd5 Bf5 17. c3 Na6 18. Nd4 Bd7 19. Bc2 b5 20. Nxb5 Bxb5 21.
axb5 Rxb5 22. Ba4 Rb8 23. Bc6 Qc7 24. Rb1 Rb3 25. Ba4 Rbb8 26. Bc2 Rfc8 27. Qf2
Nc5 28. Rfc1 Qb7 29. b4 axb4 30. cxb4 Nd7 31. Ba4 Rxc1+ 32. Rxc1 Ne5 33. Qd2
Qa6 34. Bc6 Nc4 35. Qe2 Rxb4 36. Bg5 Qa7+ 37. Kh1 Ne5 38. f4 Nxc6 39. dxc6 Qc5
40. f5 Qxf5 41. c7 Rb1 42. c8=Q+ Qxc8 43. Rxb1 1-0

[Event "IV Torneo Internacional Ciudad de La Lag"]
[Site "Casino de La Laguna. C/ Nava y"]
[Date "2010.04.05"]
[Round "1"]
[White "Pinto Henriquez, Rodrigo"]
[Black "Cabrera Hernandez, Saul"]
[Result "1-0"]
[WhiteElo "2212"]
[BlackElo "1672"]
[PlyCount "87"]
[EventDate "2010.04.05"]

1. d4 d5 2. c4 c6 3. Nc3 Nf6 4. e3 Bf5 5. Nf3 e6 6. Qb3 Qc8 7. Bd2 dxc4 8. Bxc4
Be7 9. Rc1 O-O 10. Nh4 Be4 11. Nxe4 Nxe4 12. Nf3 Nxd2 13. Nxd2 Kh8 14. O-O Nd7
15. Ne4 Nb6 16. Be2 Qc7 17. Bf3 Rad8 18. Nc3 Qd7 19. Rfd1 Qd6 20. a3 Bf6 21.
Ne4 Qe7 22. a4 Rd7 23. Nc5 Rc7 24. a5 Nc8 25. a6 b6 26. Na4 c5 27. dxc5 bxc5
28. Nc3 Bxc3 29. Rxc3 Nb6 30. Rdc1 c4 31. Qc2 Qb4 32. Qe2 Rd8 33. b3 Rd3 34.
Qxd3 cxd3 35. Rxc7 g6 36. Rxa7 Qa5 37. h3 Nd5 38. Rd1 Nc3 39. Rxd3 Qa1+ 40. Kh2
Nb5 41. Rxf7 Kg8 42. Rb7 Qe5+ 43. Kg1 Nd6 44. Rxd6 1-0

[Event "IV Torneo Internacional Ciudad de La Lag"]
[Site "Casino de La Laguna. C/ Nava y"]
[Date "2010.04.05"]
[Round "1"]
[White "Ivorra Ordines, Pedro"]
[Black "Mendoza Contreras, Lucas E"]
[Result "0-1"]
[WhiteElo "1665"]
[BlackElo "2204"]
[PlyCount "118"]
[EventDate "2010.04.05"]

1. d4 Nf6 2. c4 c5 3. d5 b5 4. e3 bxc4 5. Bxc4 Ba6 6. Bxa6 Nxa6 7. Nc3 Nc7 8.
Nge2 d6 9. Qa4+ Qd7 10. Qxd7+ Kxd7 11. e4 e6 12. dxe6+ fxe6 13. O-O Rb8 14. b3
Be7 15. Rd1 Kc6 16. Ng3 Nd7 17. Bd2 Bf6 18. Rac1 g6 19. Na4 Nb6 20. Nxb6 axb6
21. Bc3 Bxc3 22. Rxc3 Nb5 23. Rc2 e5 24. Rcd2 Nd4 25. Ne2 b5 26. Rc1 Nxe2+ 27.
Rxe2 b4 28. f3 Rb6 29. Kf2 Ra8 30. Ke3 Kb5 31. Kd3 Rba6 32. Rcc2 Rc8 33. Rc4
Rd8 34. Ke3 d5 35. exd5 Rxd5 36. Rcc2 Rd4 37. Kf2 Re6 38. Re4 Red6 39. Ree2
R6d5 40. Re4 Rxe4 41. fxe4 Rd3 42. Ke2 Rd4 43. Ke3 c4 44. g4 Rd3+ 45. Ke2 cxb3
46. Kxd3 bxc2 47. Kxc2 Kc4 48. h3 g5 49. Kb2 Kb5 50. Kb3 Kc5 51. Ka4 h6 52. Kb3
Kb5 53. Kc2 Kc4 54. Kb2 Kd4 55. Kb3 Kxe4 56. Kxb4 Kd4 57. Kb5 e4 58. a4 e3 59.
a5 e2 0-1

[Event "IV Torneo Internacional Ciudad de La Lag"]
[Site "Casino de La Laguna. C/ Nava y"]
[Date "2010.04.05"]
[Round "1"]
[White "Gutierrez Garcia, Julio"]
[Black "Clemente Llamero, Roberto"]
[Result "0-1"]
[WhiteElo "1655"]
[BlackElo "2175"]
[PlyCount "52"]
[EventDate "2010.04.05"]

1. d4 Nf6 2. c4 e6 3. Nc3 d5 4. e3 Nbd7 5. Nf3 c6 6. Qc2 Bd6 7. cxd5 exd5 8.
Bd3 O-O 9. O-O Re8 10. Re1 Nf8 11. e4 dxe4 12. Nxe4 Nxe4 13. Rxe4 Rxe4 14. Bxe4
Bg4 15. Qd3 h6 16. b3 Qf6 17. Bb2 Rd8 18. Bc3 Bxf3 19. Bxf3 Ne6 20. g3 Bc7 21.
Rd1 Qe7 22. Qe4 Qa3 23. Qe2 Bb6 24. d5 cxd5 25. Bxd5 Bc5 26. Qc4 Qxa2 {ilegible
} 0-1

[Event "IV Torneo Internacional Ciudad de La Lag"]
[Site "Casino de La Laguna. C/ Nava y"]
[Date "2010.04.05"]
[Round "1"]
[White "Lasinskas, Povilas"]
[Black "Perez Barreto, Adrian"]
[Result "1-0"]
[WhiteElo "2167"]
[BlackElo "1644"]
[PlyCount "87"]
[EventDate "2010.04.05"]

1. d4 Nf6 2. c4 g6 3. Nc3 Bg7 4. Bg5 d6 5. Qc2 Nc6 6. Rd1 h6 7. Bh4 g5 8. Bg3
Nh5 9. e3 Nxg3 10. hxg3 Bd7 11. Nf3 Qc8 12. Nxg5 Nb4 13. Qb1 hxg5 14. Rxh8+
Bxh8 15. Qh7 Bf5 16. Qxh8+ Kd7 17. Qxc8+ Rxc8 18. a3 Nc6 19. Be2 Rh8 20. f4 e6
21. Kf2 f6 22. d5 Ne7 23. g4 Bc2 24. Rd2 Bb3 25. dxe6+ Kxe6 26. f5+ Kf7 27. Nb5
Nc6 28. Nxc7 Ne5 29. Nb5 Ke7 30. Nxd6 Rd8 31. Ne4 Bxc4 32. Rxd8 Kxd8 33. Nxf6
Bxe2 34. Kxe2 Ke7 35. Ne4 Nxg4 36. Nxg5 Kf6 37. Ne6 Kxf5 38. Nd8 b6 39. Kd3
Nf2+ 40. Kd4 Nd1 41. b3 Nf2 42. Nc6 a5 43. Ne7+ Ke6 44. Nd5 1-0

[Event "IV Torneo Internacional Ciudad de La Lag"]
[Site "Casino de La Laguna. C/ Nava y"]
[Date "2010.04.05"]
[Round "1"]
[White "Pozo Vinuesa, Elena"]
[Black "Saumweber, Walter"]
[Result "0-1"]
[WhiteElo "1618"]
[BlackElo "2148"]
[PlyCount "60"]
[EventDate "2010.04.05"]

1. e4 e6 2. d4 d5 3. Nd2 Nf6 4. e5 Nfd7 5. Ngf3 c5 6. c3 Nc6 7. Be2 Be7 8. O-O
a5 9. a4 O-O 10. Qc2 Qb6 11. dxc5 Nxc5 12. Re1 Bd7 13. Nf1 Rac8 14. Ng3 Nb3 15.
Rb1 Ncd4 16. Nxd4 Nxd4 17. Qd1 Nxe2+ 18. Nxe2 Bc5 19. Rf1 f6 20. exf6 Rxf6 21.
Nd4 Bxd4 22. Qxd4 Qxd4 23. cxd4 Bxa4 24. Re1 Bd7 25. b4 a4 26. Ba3 Rc2 27. f3
Rg6 28. g3 Rc3 29. Bc1 Rxf3 30. Bf4 Rxf4 0-1

[Event "IV Torneo Internacional Ciudad de La Lag"]
[Site "Casino de La Laguna. C/ Nava y"]
[Date "2010.04.05"]
[Round "1"]
[White "Skutta, Bernd Dr"]
[Black "Bacallado Rivero, David"]
[Result "1-0"]
[WhiteElo "2142"]
[BlackElo "1589"]
[PlyCount "45"]
[EventDate "2010.04.05"]

1. d4 d5 2. c4 Nf6 3. cxd5 Nxd5 4. e4 Nf6 5. Nc3 g6 6. e5 Nd5 7. Bc4 c6 8. Nf3
a6 9. Qb3 e6 10. Bg5 Be7 11. Ne4 Nd7 12. Nd6+ Kf8 13. Bxe7+ Kxe7 14. Bxd5 cxd5
15. O-O Kf8 16. Rac1 b5 17. Rc2 Nb6 18. Qe3 Nc4 19. Qh6+ Kg8 20. Rfc1 Nxd6 21.
exd6 Bb7 22. Rc7 Rb8 23. Ne5 1-0

[Event "IV Torneo Internacional Ciudad de La Lag"]
[Site "Casino de La Laguna. C/ Nava y"]
[Date "2010.04.05"]
[Round "1"]
[White "Rodriguez Manzaneda, Javier"]
[Black "Gomez, Gustavo Pizzocaro"]
[Result "0-1"]
[WhiteElo "1547"]
[BlackElo "2137"]
[PlyCount "40"]
[EventDate "2010.04.05"]

1. e4 c5 2. d3 g6 3. g3 Bg7 4. Bg2 Nc6 5. f4 d6 6. h3 Nf6 7. Nf3 Nh5 8. Kf2 O-O
9. c3 e5 10. Be3 Bh6 11. Qd2 Qf6 12. fxe5 Bxe3+ 13. Qxe3 Nxe5 14. Na3 Bd7 15.
Nc2 c4 16. d4 Nd3+ 17. Kg1 Nxg3 18. Rh2 Rae8 19. Nfe1 Nf4 20. Rd1 Nfe2+ 0-1

[Event "IV Torneo Internacional Ciudad de La Lag"]
[Site "Casino de La Laguna. C/ Nava y"]
[Date "2010.04.05"]
[Round "1"]
[White "Hernandez Leon, Sergio"]
[Black "Rodriguez Govea, Elizabeth"]
[Result "1-0"]
[WhiteElo "2122"]
[BlackElo "1529"]
[PlyCount "81"]
[EventDate "2010.04.05"]

1. c4 e5 2. Nc3 Nf6 3. g3 Nc6 4. Bg2 Bb4 5. e3 O-O 6. Nge2 d6 7. Qb3 Qd7 8. O-O
Bxc3 9. Qxc3 b6 10. b4 Rb8 11. Bb2 Bb7 12. Rfd1 Ne7 13. d4 Bxg2 14. Kxg2 exd4
15. Nxd4 c5 16. Nf3 cxb4 17. Qxb4 Ne4 18. Ne1 Nc6 19. Qa4 Nc5 20. Qc2 Nb4 21.
Qc3 Qc6+ 22. Kg1 f6 23. Qxb4 a5 24. Qd2 Rfd8 25. Qd5+ Qxd5 26. Rxd5 Rd7 27.
Rad1 Rbd8 28. Ba3 Ne4 29. R1d3 Kf7 30. f3 Nc5 31. Bxc5 bxc5 32. Rb3 Re8 33. Kf2
Ra8 34. Nd3 a4 35. Rb6 Ke7 36. e4 g6 37. f4 h6 38. e5 fxe5 39. fxe5 Rf8+ 40.
Ke2 dxe5 41. Nxe5 1-0

[Event "IV Torneo Internacional Ciudad de La Lag"]
[Site "Casino de La Laguna. C/ Nava y"]
[Date "2010.04.05"]
[Round "1"]
[White "Febles Dominguez, Alfonso Jesus"]
[Black "Villavicencio Martinez, Carlos"]
[Result "0-1"]
[WhiteElo "1526"]
[BlackElo "2119"]
[PlyCount "94"]
[EventDate "2010.04.05"]

1. e4 c5 2. Nf3 a6 3. d4 cxd4 4. Nxd4 Nf6 5. Nc3 e5 6. Nb3 Bb4 7. Bd3 Bxc3+ 8.
bxc3 O-O 9. Bg5 d6 10. Nd2 Be6 11. O-O Nbd7 12. Nf3 Qc7 13. Qd2 Rac8 14. Rfb1
d5 15. Rb4 Nxe4 16. Bxe4 dxe4 17. Rxe4 f6 18. Be3 Qxc3 19. Qxc3 Rxc3 20. Ne1
Rfc8 21. Rb4 b5 22. a3 Nc5 23. Bd2 Rc4 24. Rxc4 Bxc4 25. Bb4 Kf7 26. Rd1 Ke6
27. h3 Ne4 28. Nd3 Bxd3 29. cxd3 Nc3 30. Rd2 Kd5 31. f3 Kd4 32. Kf2 Nd5 33. g3
Nxb4 34. axb4 Kc3 35. Ke3 Rd8 36. Rd1 Kxb4 37. Rc1 Rd7 38. g4 a5 39. Kd2 a4 40.
Rc3 Rd5 41. Rc1 a3 42. Rb1+ Ka4 43. Rc1 a2 44. Rc7 Kb3 45. Rc3+ Ka4 46. Rc7 b4
47. Kc2 a1=Q 0-1